Field guide to Zambian fishes: planktons and acquaculture (Record no. 63022)
[ view plain ]
| 000 -LEADER | |
|---|---|
| fixed length control field | 01926nam a2200265 a 4500 |
| 008 - FIXED-LENGTH DATA ELEMENTS--GENERAL INFORMATION | |
| fixed length control field | 070425s2002 ||||||||||||||||| || u |
| 050 ## - LIBRARY OF CONGRESS CALL NUMBER | |
| Classification number | QL 618.5 Uts |
| 100 ## - MAIN ENTRY--PERSONAL NAME | |
| Personal name | Mazingaliwa, Kenneth |
| 245 10 - TITLE STATEMENT | |
| Title | Field guide to Zambian fishes: planktons and acquaculture |
| Statement of responsibility, etc. | Kenzo Utsugi and Kenneth Mazingaliwa |
| 260 ## - PUBLICATION, DISTRIBUTION, ETC. | |
| Place of publication, distribution, etc. | Japan |
| Name of publisher, distributor, etc. | JICA |
| Date of publication, distribution, etc. | 2002 |
| 300 ## - PHYSICAL DESCRIPTION | |
| Extent | xi, 156p.: ill. |
| 350 ## - | |
| -- | 0.00 |
| 650 ## - SUBJECT ADDED ENTRY--TOPICAL TERM | |
| Topical term or geographic name entry element | AQUACULTURE |
| 650 ## - SUBJECT ADDED ENTRY--TOPICAL TERM | |
| Topical term or geographic name entry element | AQUATIC ANIMALS--ZAMBIA |
| 700 ## - ADDED ENTRY--PERSONAL NAME | |
| Personal name | Utsugi, Kenzo |
| 995 ## - | |
| -- | SPECIAL COLLECTIONS |
| -- | 0.00 |
| -- | 734839 |
| -- | CBU-MAIN LIBRARY (Kitwe) |
| -- | 1 |
| -- | 0.00 |
| -- | ZAM QL 618.5 UTS |
| -- | 1 |
| -- | AVAILABLE |
| -- | Apr 25, 2007 |
| -- | 52175 |
| -- | Zambiana Collection |
| 995 ## - | |
| -- | MAIN LIBRARY OPEN ACCESS |
| -- | 0.00 |
| -- | 734840 |
| -- | CBU-MAIN LIBRARY (Kitwe) |
| -- | 1 |
| -- | 0.00 |
| -- | QL 618.5 UTS |
| -- | 4 |
| -- | AVAILABLE |
| -- | Apr 25, 2007 |
| -- | 52176 |
| -- | Main Library Open Access Collection |
| 995 ## - | |
| -- | TEXTBOOKS (SNR) |
| -- | 0.00 |
| -- | 4067 |
| -- | CBU-SCHOOL TEXTBOOK COLLECTIONS |
| -- | 1 |
| -- | 0.00 |
| -- | SCHOOL TEXTBOOK |
| -- | 9 |
| -- | AVAILABLE |
| -- | Jul 27, 2009 |
| -- | 4067 |
| -- | School Collections |
| 995 ## - | |
| -- | TEXTBOOKS (SNR) |
| -- | 0.00 |
| -- | 4064 |
| -- | CBU-SCHOOL TEXTBOOK COLLECTIONS |
| -- | 1 |
| -- | 0.00 |
| -- | SCHOOL TEXTBOOK |
| -- | 6 |
| -- | AVAILABLE |
| -- | Jul 27, 2009 |
| -- | 4064 |
| -- | School Collections |
| 995 ## - | |
| -- | TEXTBOOKS (SNR) |
| -- | 0.00 |
| -- | 4066 |
| -- | CBU-SCHOOL TEXTBOOK COLLECTIONS |
| -- | 1 |
| -- | 0.00 |
| -- | SCHOOL TEXTBOOK |
| -- | 8 |
| -- | AVAILABLE |
| -- | Jul 27, 2009 |
| -- | 4066 |
| -- | School Collections |
| 995 ## - | |
| -- | TEXTBOOKS (SNR) |
| -- | 0.00 |
| -- | 4065 |
| -- | CBU-SCHOOL TEXTBOOK COLLECTIONS |
| -- | 1 |
| -- | 0.00 |
| -- | SCHOOL TEXTBOOK |
| -- | 7 |
| -- | AVAILABLE |
| -- | Jul 27, 2009 |
| -- | 4065 |
| -- | School Collections |
| 995 ## - | |
| -- | SPECIAL COLLECTIONS |
| -- | 0.00 |
| -- | 734838 |
| -- | CBU-MAIN LIBRARY (Kitwe) |
| -- | 1 |
| -- | 0.00 |
| -- | ZAM QL 618.5 UTS |
| -- | 3 |
| -- | AVAILABLE |
| -- | Apr 25, 2007 |
| -- | 52174 |
| -- | Zambiana Collection |
| 995 ## - | |
| -- | MAIN LIBRARY OPEN ACCESS |
| -- | 0.00 |
| -- | 734837 |
| -- | CBU-MAIN LIBRARY (Kitwe) |
| -- | 1 |
| -- | 0.00 |
| -- | QL 618.5 Uts |
| -- | 2 |
| -- | AVAILABLE |
| -- | Apr 25, 2007 |
| -- | 52173 |
| -- | Main Library Open Access Collection |
| 995 ## - | |
| -- | TEXTBOOKS (SNR) |
| -- | 0.00 |
| -- | 4063 |
| -- | CBU-SCHOOL TEXTBOOK COLLECTIONS |
| -- | 1 |
| -- | 0.00 |
| -- | SCHOOL TEXTBOOK |
| -- | 5 |
| -- | AVAILABLE |
| -- | Jul 27, 2009 |
| -- | 4063 |
| -- | School Collections |
| 999 ## - | |
| -- | 63022 |
| -- | 63022 |
| Withdrawn status | Lost status | Source of classification or shelving scheme | Damaged status | Not for loan | Permanent Location | Current Location | Shelving location | Date acquired | Total Checkouts | Full call number | Barcode | Date last seen | Price effective from | Koha item type |
|---|---|---|---|---|---|---|---|---|---|---|---|---|---|---|
| CBU-MAIN LIBRARY, KITWE. | CBU-MAIN LIBRARY, KITWE. | 12/24/2022 | QL 618.5 Uts | 52175 | 12/24/2022 | 12/24/2022 | MONOGRAPH | |||||||
| CBU-MAIN LIBRARY, KITWE. | CBU-MAIN LIBRARY, KITWE. | 12/24/2022 | QL 618.5 Uts | 52176 | 12/24/2022 | 12/24/2022 | MONOGRAPH | |||||||
| CBU-MAIN LIBRARY, KITWE. | CBU-MAIN LIBRARY, KITWE. | 12/24/2022 | QL 618.5 Uts | 52174 | 12/24/2022 | 12/24/2022 | MONOGRAPH | |||||||
| CBU-MAIN LIBRARY, KITWE. | CBU-MAIN LIBRARY, KITWE. | 12/24/2022 | QL 618.5 Uts | 52173 | 12/24/2022 | 12/24/2022 | MONOGRAPH | |||||||
| CBU-SCHOOL TEXT BOOK COLLECTION | CBU-SCHOOL TEXT BOOK COLLECTION | 12/24/2022 | SCHOOL TEXTBOOK | 4067 | 12/24/2022 | 12/24/2022 | MONOGRAPH | |||||||
| CBU-SCHOOL TEXT BOOK COLLECTION | CBU-SCHOOL TEXT BOOK COLLECTION | 12/24/2022 | SCHOOL TEXTBOOK | 4064 | 12/24/2022 | 12/24/2022 | MONOGRAPH | |||||||
| CBU-SCHOOL TEXT BOOK COLLECTION | CBU-SCHOOL TEXT BOOK COLLECTION | 12/24/2022 | SCHOOL TEXTBOOK | 4066 | 12/24/2022 | 12/24/2022 | MONOGRAPH | |||||||
| CBU-SCHOOL TEXT BOOK COLLECTION | CBU-SCHOOL TEXT BOOK COLLECTION | 12/24/2022 | SCHOOL TEXTBOOK | 4065 | 12/24/2022 | 12/24/2022 | MONOGRAPH | |||||||
| CBU-SCHOOL TEXT BOOK COLLECTION | CBU-SCHOOL TEXT BOOK COLLECTION | 12/24/2022 | SCHOOL TEXTBOOK | 4063 | 12/24/2022 | 12/24/2022 | MONOGRAPH |